John, apostle of love. (Record no. 5137)

000 -LEADER
fixed length control field 00713nam a2200193 a 4500
001 - CONTROL NUMBER
control field :::00002878$&:&@@
003 - CONTROL NUMBER IDENTIFIER
control field OkBaRHE
005 - DATE AND TIME OF LATEST TRANSACTION
control field 20110414132034.0
008 - FIXED-LENGTH DATA ELEMENTS--GENERAL INFORMATION
fixed length control field s1983 j 000 0 eng u
040 ## - CATALOGING SOURCE
Transcribing agency
100 1# - MAIN ENTRY--PERSONAL NAME
Personal name McQuay, Earl P.
245 10 - TITLE STATEMENT
Title John, apostle of love.
260 ## - PUBLICATION, DISTRIBUTION, ETC. (IMPRINT)
Place of publication, distribution, etc Denver, CO., :
Name of publisher, distributor, etc Accent Books
Date of publication, distribution, etc c1983
300 ## - PHYSICAL DESCRIPTION
Extent 128 p. ;
Dimensions 18 cm.
650 ## - SUBJECT ADDED ENTRY--TOPICAL TERM
Topical term or geographic name as entry element John, Saint, apostle
942 ## - ADDED ENTRY ELEMENTS (KOHA)
Source of classification or shelving scheme
Koha item type Books
Copies
Damaged status Permanent Location Current Location Lost status Koha item type Total Checkouts Withdrawn status Barcode Copy number Not for loan Price effective from Source of classification or shelving scheme Date acquired Date checked out Full call number Shelving location Date last seen
 RHEMA Bible Training CollegeRHEMA Bible Training College Books1 28781 2010-04-14 2010-04-142011-04-07BS 2455 .M35General Stacks2018-03-16
 RHEMA Bible Training CollegeRHEMA Bible Training College Books1 163402 2010-04-14 2010-04-142010-12-09BS 2455 .M35General Stacks2018-03-16